000 00560nam a2200181Ia 4500
008 151018s9999 xx 000 0 und d
082 _bRBASDV32312
_a891.463
100 _aसंजय सोनवणी
245 _aसव्यासाची
250 _b1
260 _bपुष्प प्रकाशन पुणे
_c2000
300 _a555
600 _aसंजय सोनवणी
630 _aसव्यासाची
700 _aसंजय सोनवणी
730 _aसव्यासाची
942 _cBOOK
999 _c1031837
_d1031834